[Event "C'Chartres Blitz Men"]
[Site "Europe-Echecs INT"]
[Date "2020.06.13"]
[Round "14"]
[White "Mamedov, Rauf"]
[Black "Lagarde, Maxime"]
[Result "1/2-1/2"]
[WhiteTitle "GM"]
[BlackTitle "GM"]
[WhiteElo "2654"]
[BlackElo "2655"]
[WhiteFideId "13401653"]
[BlackFideId "662399"]
[EventDate "2020.06.13"]

1. e4 c5 2. c3 e6 3. Nf3 d5 4. exd5 exd5 5. d4 Nc6 6. Bb5 Bd6 7. O-O Ne7 8. dxc5
Bxc5 9. Nbd2 Bb6 10. Nb3 Bg4 11. h3 Bh5 12. Be2 O-O 13. Nfd4 Bxe2 14. Qxe2 Nxd4
15. Nxd4 Bxd4 16. cxd4 Nc6 17. Be3 Qb6 18. Rac1 Rfe8 19. Qd2 Qd8 20. Rc5 Qd7 21.
Rfc1 Rac8 22. Qc3 h6 23. b4 a6 24. a4 Ne7 25. Qb3 b6 26. Rxc8 Rxc8 27. Re1 b5
28. axb5 axb5 29. Qd3 Rc4 30. Ra1 Qf5 31. Ra8+ Kh7 32. Qxf5+ Nxf5 33. Rd8 Rxb4
34. Rxd5 Rb1+ 35. Kh2 Kg6 36. Rd8 b4 37. d5 b3 38. Rb8 f6 39. Bc5 Rd1 40. Rxb3
Rxd5 41. Be3 h5 42. g4 hxg4 43. hxg4 Nd6 44. Kg3 Kf7 45. Ra3 g5 46. Ra6 Ne4+ 47.
Kf3 Nd6 48. Rb6 Nc4 49. Ra6 Ne5+ 50. Ke4 Rb5 51. f3 Rb7 52. Bxg5 Nxg4 53. fxg4
Rb4+ 54. Kf3 fxg5 55. Ra7+ Kf6 56. Ra6+ Kf7 57. Ra7+ Kf6 58. Ra6+ Kf7 1/2-1/2

[Event "C'Chartres Blitz Men"]
[Site "Europe-Echecs INT"]
[Date "2020.06.13"]
[Round "14"]
[White "Bauer, Christian"]
[Black "Keymer, Vincent"]
[Result "1-0"]
[WhiteTitle "GM"]
[BlackTitle "GM"]
[WhiteElo "2623"]
[BlackElo "2558"]
[WhiteFideId "603767"]
[BlackFideId "12940690"]
[EventDate "2020.06.13"]

1. d4 Nf6 2. c4 e6 3. Nc3 d5 4. cxd5 Nxd5 5. Na4 Nf6 6. Nf3 b5 7. Nc3 b4 8. Na4
Nbd7 9. Bg5 h6 10. Bh4 c5 11. dxc5 Bb7 12. e3 Qa5 13. Bxf6 gxf6 14. Nd4 Bxc5 15.
Nxc5 Nxc5 16. Bb5+ Kf8 17. O-O Rd8 18. Qh5 Qb6 19. Bc4 Ke7 20. Rac1 Rdg8 21. f3
Rg5 22. Qh4 Rhg8 23. Rf2 h5 24. Bf1 a5 25. Rfc2 Re5 26. Qf2 Rc8 27. b3 Rd5 28.
e4 Rdd8 29. Rxc5 Rxc5 30. Rxc5 Rd6 31. Rb5 1-0

[Event "C'Chartres Blitz Men"]
[Site "Europe-Echecs INT"]
[Date "2020.06.13"]
[Round "14"]
[White "Dardha, Daniel"]
[Black "Guliyev, Namig"]
[Result "0-1"]
[WhiteTitle "IM"]
[BlackTitle "GM"]
[WhiteElo "2449"]
[BlackElo "2529"]
[WhiteFideId "240990"]
[BlackFideId "13400363"]
[EventDate "2020.06.13"]

1. Nf3 d5 2. c4 dxc4 3. e3 Nf6 4. Bxc4 e6 5. d4 a6 6. Nc3 b5 7. Bd3 Bb7 8. O-O
Nbd7 9. Qe2 c5 10. Rd1 Qc7 11. e4 cxd4 12. Nxd4 Bd6 13. g3 Be5 14. Nb3 O-O 15.
Be3 Bxc3 16. Rac1 Bxe4 17. Rxc3 Qe5 18. Bf4 Bxd3 19. Qxd3 Qh5 20. Qf3 Qxf3 21.
Rxf3 Nd5 22. Rc1 Rfc8 23. Bd2 Rxc1+ 24. Bxc1 Rc8 25. Rd3 Rc2 26. Rd2 Rxd2 27.
Bxd2 h5 28. Kg2 Kh7 29. Kf3 Kg6 30. Ke4 N5f6+ 31. Kf3 e5 32. h3 Kf5 33. Be3 g5
34. Ke2 g4 35. hxg4+ hxg4 36. Ba7 Ke4 37. Nd2+ Kd5 38. Nf1 Ke4 39. Nd2+ Kd5 40.
Nf1 Nf8 41. Ne3+ Ke4 42. Nd1 Nd5 43. b3 Ne6 44. Nb2 Nc3+ 45. Kd2 Nxa2 46. Nd3 b4
47. Bb6 Nd4 48. Nc5+ Kd5 49. Nxa6 Nxb3+ 50. Kc2 Kc4 51. Nb8 Nd4+ 52. Kb1 Nc3+
53. Kc1 b3 54. Nd7 Nde2+ 55. Kb2 Na4+ 56. Ka3 b2 57. Nxe5+ Kb5 0-1

[Event "C'Chartres Blitz Men"]
[Site "Europe-Echecs INT"]
[Date "2020.06.13"]
[Round "14"]
[White "Maurizzi, Marc Andria"]
[Black "Studer, Noel"]
[Result "0-1"]
[WhiteTitle "IM"]
[BlackTitle "GM"]
[WhiteElo "2433"]
[BlackElo "2580"]
[WhiteFideId "36083534"]
[BlackFideId "1319620"]
[EventDate "2020.06.13"]

1. e4 c5 2. Nf3 Nc6 3. Nc3 e5 4. Bc4 d6 5. d3 h6 6. O-O g6 7. a3 Bg7 8. b4 b6 9.
bxc5 dxc5 10. a4 Nge7 11. h3 O-O 12. Be3 Kh7 13. Nd5 f5 14. Nxe7 Qxe7 15. exf5
gxf5 16. Rb1 Bb7 17. Re1 Rad8 18. Qe2 Nd4 19. Nxd4 cxd4 20. Bd2 Qh4 21. a5 Rf6
22. f3 Rg6 23. Bf7 Rg3 24. Kh2 Bxf3 25. Qf2 Rxg2+ 26. Qxg2 Bxg2 27. Kxg2 e4 28.
axb6 axb6 29. Rxb6 e3 30. Bg6+ Kh8 31. Bb4 Qf2+ 32. Kh1 Be5 0-1

[Event "C'Chartres Blitz Men"]
[Site "Europe-Echecs INT"]
[Date "2020.06.13"]
[Round "14"]
[White "Medvegy, Zoltan"]
[Black "Edouard, Romain"]
[Result "0-1"]
[WhiteTitle "GM"]
[BlackTitle "GM"]
[WhiteElo "2524"]
[BlackElo "2649"]
[WhiteFideId "708402"]
[BlackFideId "633429"]
[EventDate "2020.06.13"]

1. c4 e5 2. Nc3 Nf6 3. Nf3 Nc6 4. e3 Bb4 5. Qc2 Bxc3 6. Qxc3 Qe7 7. Be2 O-O 8.
O-O d5 9. d4 e4 10. Ne5 Be6 11. Nxc6 bxc6 12. cxd5 cxd5 13. Bd2 Bg4 14. Bxg4
Nxg4 15. h3 Nh6 16. Rac1 Rac8 17. Qc5 Qg5 18. Kh1 c6 19. Qxa7 Nf5 20. Qa6 Nh4
21. Rg1 Qf6 22. Qe2 Rfe8 23. Rc2 Re6 24. b4 Qd8 25. a4 Qd7 26. b5 Rh6 27. Rxc6
Rcxc6 28. bxc6 Qc8 29. Rb1 Nf3 30. Qf1 Nxd2 31. c7 Nxb1 32. Qxb1 Rc6 33. Qb5
Qxc7 0-1

[Event "C'Chartres Blitz Men"]
[Site "Europe-Echecs INT"]
[Date "2020.06.13"]
[Round "15"]
[White "Edouard, Romain"]
[Black "Ivanchuk, Vasyl"]
[Result "1-0"]
[WhiteTitle "GM"]
[BlackTitle "GM"]
[WhiteElo "2649"]
[BlackElo "2678"]
[WhiteFideId "633429"]
[BlackFideId "14100010"]
[EventDate "2020.06.13"]

1. d4 Nf6 2. c4 e6 3. Nc3 Bb4 4. Nf3 c5 5. g3 Nc6 6. Bg2 Ne4 7. Bd2 Nxd2 8. Qxd2
cxd4 9. Nxd4 O-O 10. O-O Ne5 11. b3 a6 12. a3 Be7 13. f4 Nc6 14. e3 Qc7 15. Rfc1
Rb8 16. b4 Nxd4 17. exd4 b6 18. c5 d5 19. Na4 bxc5 20. Nxc5 Qb6 21. Rab1 Rd8 22.
a4 Bd7 23. Bf1 Ra8 24. a5 Qa7 25. Nxa6 Bf6 26. Rc5 Rdc8 27. b5 Rxc5 28. Nxc5 Bc8
29. Ra1 Bd8 30. Nb3 Qb8 31. b6 Bd7 32. Nc5 Bc6 33. Rb1 g6 34. Qb4 Bf6 35. a6 g5
36. fxg5 Bxg5 37. a7 Qd8 38. b7 Bxb7 39. Qxb7 1-0

[Event "C'Chartres Blitz Men"]
[Site "Europe-Echecs INT"]
[Date "2020.06.13"]
[Round "15"]
[White "Stephan, Victor"]
[Black "Gukesh, D"]
[Result "1/2-1/2"]
[WhiteTitle "IM"]
[BlackTitle "GM"]
[WhiteElo "2439"]
[BlackElo "2563"]
[WhiteFideId "656666"]
[BlackFideId "46616543"]
[EventDate "2020.06.13"]

1. d4 Nf6 2. c4 g6 3. Nc3 Bg7 4. e4 d6 5. Nf3 O-O 6. Be2 e5 7. dxe5 dxe5 8. Qxd8
Rxd8 9. Nd5 Na6 10. Bg5 Rd6 11. Nxf6+ Bxf6 12. Bxf6 Rxf6 13. Nxe5 Re6 14. f4 f6
15. Ng4 Nc5 16. Nf2 Nxe4 17. O-O Ng3 18. hxg3 Rxe2 19. Rfe1 Rxe1+ 20. Rxe1 Kf7
21. b3 Be6 22. Ne4 Rd8 23. Kf2 Bf5 24. Re2 Bxe4 25. Rxe4 Rd2+ 26. Re2 Rxe2+ 27.
Kxe2 h5 28. Kf3 Ke6 29. Ke4 g5 30. b4 c6 31. a4 b6 32. Kd4 gxf4 33. gxf4 Kf5 34.
c5 bxc5+ 35. Kxc5 Kxf4 36. Kxc6 Kg3 37. b5 Kxg2 38. a5 h4 39. b6 axb6 40. axb6
h3 41. b7 h2 42. b8=Q h1=Q 43. Kd7 Qh4 44. Ke6 Qg5 45. Qb2+ Kg3 46. Qxf6 Qxf6+
47. Kxf6 1/2-1/2

[Event "C'Chartres Blitz Men"]
[Site "Europe-Echecs INT"]
[Date "2020.06.13"]
[Round "15"]
[White "Maghsoodloo, Parham"]
[Black "Firouzja, Alireza"]
[Result "1/2-1/2"]
[WhiteTitle "GM"]
[BlackTitle "GM"]
[WhiteElo "2676"]
[BlackElo "2728"]
[WhiteFideId "12539929"]
[BlackFideId "12573981"]
[EventDate "2020.06.13"]

1. e4 e5 2. Nf3 Nc6 3. Bb5 Nf6 4. O-O Nxe4 5. Re1 Nd6 6. Nxe5 Be7 7. Bf1 Nxe5 8.
Rxe5 O-O 9. d4 Bf6 10. Re1 Re8 11. c3 Rxe1 12. Qxe1 Ne8 13. Bf4 d5 14. Bd3 g6
15. Qe3 Ng7 16. Nd2 Bf5 17. Re1 Qd7 18. Bxf5 Nxf5 19. Qd3 c6 20. Be5 Re8 21. Nf3
Bxe5 22. Rxe5 Rxe5 23. dxe5 Qe6 24. h3 f6 25. g4 Ng7 26. Qd4 fxe5 27. Qxa7 e4
28. Nd4 Qd7 29. Qb8+ Kf7 30. b4 h5 31. Kh2 hxg4 32. hxg4 Ne8 33. Qf4+ Ke7 34. a4
Qc7 35. Kg3 g5 36. Qxc7+ Nxc7 37. f4 exf3 38. Kxf3 Kd6 39. Ke3 b6 40. Nf5+ Ke5
41. Ne7 c5 42. Nc8 d4+ 43. cxd4+ cxd4+ 44. Kd3 Nd5 45. Kc4 d3 46. Kxd3 Nxb4+ 47.
Kc4 Nd5 48. Kb5 Nc3+ 49. Kb4 Nxa4 50. Kxa4 Kf4 51. Nd6 Kxg4 52. Nf7 Kf5 53. Nxg5
b5+ 54. Kxb5 1/2-1/2

[Event "C'Chartres Blitz Men"]
[Site "Europe-Echecs INT"]
[Date "2020.06.13"]
[Round "15"]
[White "Lagarde, Maxime"]
[Black "Bauer, Christian"]
[Result "1/2-1/2"]
[WhiteTitle "GM"]
[BlackTitle "GM"]
[WhiteElo "2655"]
[BlackElo "2623"]
[WhiteFideId "662399"]
[BlackFideId "603767"]
[EventDate "2020.06.13"]

1. e4 Nc6 2. d4 e5 3. dxe5 Nxe5 4. Nf3 Qf6 5. Nc3 Bb4 6. Bd2 Ne7 7. Be2 O-O 8.
O-O Nxf3+ 9. Bxf3 a6 10. Nd5 Nxd5 11. exd5 Bxd2 12. Qxd2 d6 13. c3 Re8 14. Rfe1
Bf5 15. Rxe8+ Rxe8 16. Re1 Kf8 1/2-1/2

[Event "C'Chartres Blitz Men"]
[Site "Europe-Echecs INT"]
[Date "2020.06.13"]
[Round "15"]
[White "Keymer, Vincent"]
[Black "Dardha, Daniel"]
[Result "0-1"]
[WhiteTitle "GM"]
[BlackTitle "IM"]
[WhiteElo "2558"]
[BlackElo "2449"]
[WhiteFideId "12940690"]
[BlackFideId "240990"]
[EventDate "2020.06.13"]

1. Nf3 c5 2. e3 d5 3. b3 Nc6 4. Bb5 Nf6 5. Bb2 Bd7 6. O-O e6 7. d3 Bd6 8. Nbd2
O-O 9. Bxc6 Bxc6 10. Ne5 Be8 11. f4 Nd7 12. Qg4 f5 13. Qh3 Nxe5 14. Bxe5 Bxe5
15. fxe5 Qg5 16. Rf4 Bh5 17. Raf1 b5 18. Nf3 Bxf3 19. R1xf3 Qe7 20. Rf1 g5 21.
R4f2 g4 22. Qg3 h5 23. Qf4 Kh7 24. e4 dxe4 25. dxe4 Rad8 26. exf5 exf5 27. Re1
Rd4 28. Qc1 f4 29. c3 Rd5 30. Rxf4 Rfd8 31. Qc2+ Kh8 32. Qf5 Qh7 33. Qf6+ Qg7
34. Qxg7+ Kxg7 35. e6 Re8 36. Rf7+ Kg6 37. Rxa7 Rd6 38. Rc7 Rexe6 39. Rxe6+ Rxe6
40. Rxc5 Ra6 41. Rxb5 Rxa2 42. c4 h4 43. Rb8 Ra1+ 44. Kf2 Ra2+ 45. Ke3 Rxg2 46.
Kf4 Kf7 47. Rb6 Kg7 48. Rb5 Kh6 49. Rb8 Kg7 50. c5 g3 51. hxg3 h3 52. Kf3 Rg1
53. Rb7+ Kg6 54. Rb6+ Kg5 55. Rb8 h2 56. Rh8 h1=Q+ 57. Rxh1 Rxh1 58. Ke4 Kf6 59.
Kd5 Ke7 60. b4 Kd7 61. g4 Rg1 62. Kc4 Rxg4+ 63. Kb5 Kc7 64. Ka5 Kc6 65. Ka4 Rg3
66. Ka5 Ra3# 0-1

[Event "C'Chartres Blitz Men"]
[Site "Europe-Echecs INT"]
[Date "2020.06.13"]
[Round "15"]
[White "Guliyev, Namig"]
[Black "Maurizzi, Marc Andria"]
[Result "1-0"]
[WhiteTitle "GM"]
[BlackTitle "IM"]
[WhiteElo "2529"]
[BlackElo "2433"]
[WhiteFideId "13400363"]
[BlackFideId "36083534"]
[EventDate "2020.06.13"]

1. e4 c5 2. Nf3 e6 3. d4 cxd4 4. Nxd4 Nf6 5. Nc3 Nc6 6. Ndb5 Bc5 7. Bf4 O-O 8.
Bc7 Qe7 9. Bd6 Bxd6 10. Qxd6 Qd8 11. O-O-O a6 12. Nd4 Ne7 13. f3 b5 14. Nb3 Bb7
15. g4 Bc6 16. g5 Ne8 17. Qg3 b4 18. Ne2 a5 19. Ned4 a4 20. Nc5 a3 21. Nxc6
axb2+ 22. Kb1 Nxc6 23. Nxd7 Qa5 24. Bc4 Nc7 25. Nxf8 Nb5 26. Rd3 Nc3+ 27. Rxc3
bxc3 28. Nxh7 Kxh7 29. g6+ fxg6 30. Bxe6 Nd4 31. Bd5 Nf5 32. Qh3+ Nh6 33. Bxa8
Qxa8 34. Rd1 Kg8 35. Qe6+ Kh7 36. Rd3 Qa3 37. Qb3 Qc5 38. Qxc3 1-0

[Event "C'Chartres Blitz Men"]
[Site "Europe-Echecs INT"]
[Date "2020.06.13"]
[Round "15"]
[White "Studer, Noel"]
[Black "Medvegy, Zoltan"]
[Result "0-1"]
[WhiteTitle "GM"]
[BlackTitle "GM"]
[WhiteElo "2580"]
[BlackElo "2524"]
[WhiteFideId "1319620"]
[BlackFideId "708402"]
[EventDate "2020.06.13"]

1. d4 e6 2. c4 Nf6 3. Nf3 b6 4. g3 Bb7 5. Bg2 Bb4+ 6. Bd2 Bxd2+ 7. Qxd2 O-O 8.
O-O c6 9. Nc3 d5 10. c5 bxc5 11. dxc5 a5 12. Ne5 Nfd7 13. Nd3 Ba6 14. Rfc1 Bxd3
15. exd3 Nxc5 16. Nxd5 Nxd3 17. Qxd3 cxd5 18. f4 g6 19. Kh1 Nd7 20. g4 Nf6 21.
h3 Qd6 22. f5 gxf5 23. gxf5 e5 24. Rd1 Rad8 25. Rd2 Rfe8 26. Rad1 e4 27. Qe3 Qe5
28. Rd4 Kh8 29. Qc3 Rg8 30. Qc5 Rxg2 31. Kxg2 Rg8+ 32. Kh1 Qg3 33. R4d2 Qxh3+ 0-1